[Event "EICC 2021"]
[Site "Reykjavik"]
[Date "2021.08.29"]
[Round "4.23"]
[White "Vocaturo, Daniele"]
[Black "Loiseau, Quentin"]
[Result "1-0"]
[WhiteElo "2630"]
[BlackElo "2466"]
[PlyCount "63"]
[EventDate "2021.08.26"]
[EventType "swiss"]
[EventCountry "ISL"]
[Tiebreak "Cut1 Buchholz"]
[SourceTitle "playchess.com"]
[Source "ChessBase"]
[SourceQuality "1"]

1. c4 c5 2. Nc3 Nc6 3. Nf3 Nf6 4. e3 e5 5. d4 e4 6. d5 exf3 7. dxc6 g6 8. gxf3
bxc6 9. b3 Bg7 10. Bb2 d5 11. cxd5 Nxd5 12. Qd2 O-O 13. Be2 Qh4 14. Nxd5 Bxb2
15. Ne7+ Qxe7 16. Qxb2 Rd8 17. Rc1 a5 18. h4 a4 19. h5 Be6 20. h6 f6 21. Rh4
axb3 22. axb3 Qf7 23. Rf4 f5 24. Rxc5 Bxb3 25. Rxc6 Bd5 26. Rc1 Qf8 27. Rh4 Ra7
28. Rd1 Ra2 29. Qc3 Ra7 30. Rxd5 Rxd5 31. Bc4 Qc5 32. Rd4 1-0

[Event "EICC 2021"]
[Site "Reykjavik"]
[Date "2021.08.29"]
[Round "4.24"]
[White "Ter-Sahakyan, Samvel"]
[Black "Kacharava, Nikolozi"]
[Result "1/2-1/2"]
[WhiteElo "2624"]
[BlackElo "2453"]
[PlyCount "95"]
[EventDate "2021.08.26"]
[EventType "swiss"]
[EventCountry "ISL"]
[Tiebreak "Cut1 Buchholz"]
[SourceTitle "playchess.com"]
[Source "ChessBase"]
[SourceQuality "1"]

1. e4 e5 2. Nf3 Nf6 3. d4 Nxe4 4. Bd3 Nc6 5. d5 Nf6 6. dxc6 e4 7. cxb7 Bxb7 8.
Be2 exf3 9. Bxf3 Bxf3 10. Qxf3 Bb4+ 11. c3 Be7 12. O-O O-O 13. c4 c6 14. Nc3
Qa5 15. Bd2 Qh5 16. Qxh5 Nxh5 17. Rfd1 f5 18. Be3 Nf6 19. h3 Rfe8 20. Rd3 Bf8
21. Rad1 d6 22. b3 Nd7 23. Na4 Re6 24. R3d2 h6 25. Kf1 Kf7 26. Bd4 Nf6 27. Nc3
Ne4 28. Nxe4 Rxe4 29. Bc3 g6 30. Bb4 c5 31. Ba5 Rc8 32. f3 Re5 33. Bc3 Re3 34.
Rd3 Rxd3 35. Rxd3 Re8 36. Kf2 h5 37. Re3 Rxe3 38. Kxe3 Ke6 39. Kd3 Be7 40. a3
d5 41. Ba5 a6 42. Bc7 Kd7 43. Bf4 Kc6 44. g4 dxc4+ 45. Kxc4 fxg4 46. fxg4 hxg4
47. hxg4 Bf8 48. Be3 1/2-1/2

[Event "EICC 2021"]
[Site "Reykjavik"]
[Date "2021.08.29"]
[Round "4.25"]
[White "Petenyi, Tamas"]
[Black "Fridman, Daniel"]
[Result "0-1"]
[WhiteElo "2463"]
[BlackElo "2621"]
[PlyCount "52"]
[EventDate "2021.08.26"]
[EventType "swiss"]
[EventCountry "ISL"]
[Tiebreak "Cut1 Buchholz"]
[SourceTitle "playchess.com"]
[Source "ChessBase"]
[SourceQuality "1"]

1. Nf3 Nf6 2. g3 d5 3. Bg2 c5 4. O-O Nc6 5. d4 e6 6. b3 cxd4 7. Nxd4 Bc5 8.
Nxc6 bxc6 9. c4 O-O 10. Qc2 Qe7 11. Bb2 e5 12. Nc3 Be6 13. a3 a5 14. Na4 Bd6
15. Rfd1 Rab8 16. Rab1 g6 17. c5 Bc7 18. e4 Nxe4 19. Bxe4 dxe4 20. Nb6 Bg4 21.
Rd2 Bf5 22. Qc3 e3 23. fxe3 Bxb6 24. cxb6 Bxb1 25. e4 Rxb6 26. Rd1 Ba2 0-1

[Event "EICC 2021"]
[Site "Reykjavik"]
[Date "2021.08.29"]
[Round "4.26"]
[White "Horvath, Dominik"]
[Black "Svane, Rasmus"]
[Result "1/2-1/2"]
[WhiteElo "2455"]
[BlackElo "2615"]
[PlyCount "114"]
[EventDate "2021.08.26"]
[EventType "swiss"]
[EventCountry "ISL"]
[Tiebreak "Cut1 Buchholz"]
[SourceTitle "playchess.com"]
[Source "ChessBase"]
[SourceQuality "1"]

1. d4 d5 2. c4 c6 3. Nf3 Nf6 4. e3 Bf5 5. Nc3 e6 6. Nh4 Bg6 7. Nxg6 hxg6 8. Rb1
Nbd7 9. c5 a5 10. a3 Be7 11. b4 axb4 12. axb4 e5 13. Be2 Qc7 14. f4 exf4 15.
exf4 b6 16. O-O bxc5 17. bxc5 Ne4 18. Nxe4 dxe4 19. Bc4 Nf6 20. Qb3 O-O 21. Kh1
Rfb8 22. Qc2 Rd8 23. Be3 Qd7 24. Rb3 Re8 25. Bg1 Bd8 26. Re1 Re7 27. d5 cxd5
28. Bb5 Qe6 29. Bd4 Bc7 30. Qf2 Ng4 31. Qh4 Nh6 32. g4 Bxf4 33. Be2 Bd2 34. Rf1
g5 35. Qh5 e3 36. Kg1 Qe4 37. Bxg7 Kxg7 38. Qxg5+ Qg6 39. Qxe7 Nxg4 40. Rb6
Nf6+ 41. Kh1 Qe4+ 42. Qxe4 Nxe4 43. Rb7 Nf2+ 44. Kg2 Rc8 45. Rxf2 exf2 46. Kxf2
Rxc5 47. Bh5 Kf6 48. Rxf7+ Ke5 49. Be2 Kd4 50. Rf3 Rc2 51. h4 Rb2 52. h5 Ke4
53. Bd3+ Ke5 54. Kg3 Rb4 55. Bg6 Bf4+ 56. Kg2 Rb2+ 57. Rf2 Rxf2+ 1/2-1/2

[Event "EICC 2021"]
[Site "Reykjavik"]
[Date "2021.08.29"]
[Round "4.27"]
[White "Gretarsson, Helgi Ass"]
[Black "Bartel, Mateusz"]
[Result "1/2-1/2"]
[WhiteElo "2447"]
[BlackElo "2611"]
[PlyCount "100"]
[EventDate "2021.08.26"]
[EventType "swiss"]
[EventCountry "ISL"]
[Tiebreak "Cut1 Buchholz"]
[SourceTitle "playchess.com"]
[Source "ChessBase"]
[SourceQuality "1"]

1. c4 e5 2. Nc3 Bb4 3. Nd5 a5 4. Nf3 d6 5. a3 Bc5 6. d4 exd4 7. Nxd4 Ne7 8. Bg5
f6 9. Be3 Nbc6 10. Nxc6 Nxc6 11. Bxc5 dxc5 12. e3 O-O 13. Be2 Ne5 14. Qc2 c6
15. Nc3 f5 16. f4 Nf7 17. Kf2 Re8 18. Na4 Qe7 19. Qc3 Nd6 20. Bf3 g5 21. g3 Be6
22. b3 Bf7 23. Rad1 Bh5 24. Nxc5 Bxf3 25. Kxf3 Rad8 26. Rhe1 b6 27. Na4 Ne4 28.
Qc1 b5 29. Nc3 b4 30. axb4 axb4 31. Nxe4 Qxe4+ 32. Kf2 g4 33. Kg1 Rd3 34. Rxd3
Qxd3 35. Qa1 Qd2 36. e4 fxe4 37. Qd1 Qc3 38. Qxg4+ Kh8 39. Re2 Qd3 40. Qh5 Re7
41. Kg2 Qd1 42. Kh3 e3 43. f5 Qf1+ 44. Kh4 Qd1 45. Qf3 Qxb3 46. Qxc6 Qd3 47.
Qf6+ Rg7 48. Qf8+ Rg8 49. Qf6+ Rg7 50. Qf8+ Rg8 1/2-1/2

[Event "EICC 2021"]
[Site "Reykjavik"]
[Date "2021.08.29"]
[Round "4.29"]
[White "Vogel, Roven"]
[Black "Sivuk, Vitaly"]
[Result "1-0"]
[WhiteElo "2441"]
[BlackElo "2589"]
[Annotator "ChessBase"]
[PlyCount "80"]
[EventDate "2021.08.26"]
[EventType "swiss"]
[EventCountry "ISL"]
[Tiebreak "Cut1 Buchholz"]
[SourceTitle "playchess.com"]
[Source "ChessBase"]
[SourceQuality "1"]
[TimeControl "40/5400+30:1800+30"]

1. c4 {[%emt 0:00:03]} Nf6 {[%emt 0:02:52]} 2. Nc3 {[%emt 0:00:09]} g6 {
[%emt 0:00:11]} 3. g3 {[%emt 0:00:14]} Bg7 {[%emt 0:00:11]} 4. Bg2 {[%emt 0:00:
08]} O-O {[%emt 0:00:09]} 5. d4 {[%emt 0:00:20]} d6 {[%emt 0:00:13]} 6. Nf3 {
[%emt 0:00:11]} Nbd7 {[%emt 0:00:12]} 7. O-O {[%emt 0:00:12]} e5 {[%emt 0:00:
08]} 8. e4 {[%emt 0:00:07]} Re8 {[%emt 0:00:09]} 9. h3 {[%emt 0:01:00]} b6 {
[%emt 0:00:11]} 10. d5 {[%emt 0:15:55]} Nc5 {[%emt 0:01:24]} 11. Ne1 {[%emt 0:
02:54]} a5 {[%emt 0:00:17]} 12. Nc2 {[%emt 0:00:59]} Rf8 {[%emt 0:00:53]} 13.
Bg5 {[%emt 0:11:32]} h6 {[%emt 0:00:57]} 14. Be3 {[%emt 0:00:06]} Nh7 {[%emt 0:
10:00]} 15. Qd2 {[%emt 0:11:42]} f5 {[%emt 0:04:35]} 16. f4 {[%emt 0:23:29]}
exf4 {[%emt 0:04:25]} 17. Bxf4 {[%emt 0:00:42]} Ng5 {[%emt 0:12:51]} 18. Nd4 {
[%emt 0:05:10]} Qf6 {[%emt 0:32:18]} 19. Nc6 {[%emt 0:02:38]} Ba6 {[%emt 0:06:
54]} 20. e5 {[%emt 0:02:10]} dxe5 {[%emt 0:00:17]} 21. Bxe5 {[%emt 0:03:46]}
Qf7 {[%emt 0:00:01]} 22. Rae1 {[%emt 0:02:15]} Rae8 {[%emt 0:00:59]} 23. h4 {
[%emt 0:03:57]} Nh7 {[%emt 0:10:40]} 24. d6 {[%emt 0:00:07]} cxd6 {[%emt 0:01:
32]} 25. Bd5 {[%emt 0:00:36]} dxe5 {[%emt 0:00:15]} 26. Bxf7+ {[%emt 0:00:31]}
Rxf7 {[%emt 0:00:05]} 27. Qd6 {[%emt 0:01:21]} Rd7 {[%emt 0:04:05]} 28. Qxg6 {
[%emt 0:00:11]} Re6 {[%emt 0:00:07]} 29. Qxf5 {[%emt 0:00:23]} Rxc6 {[%emt 0:
00:06]} 30. Rd1 {[%emt 0:02:38]} Nf8 {[%emt 0:04:17]} 31. Rxd7 {[%emt 0:01:50]}
Ncxd7 {[%emt 0:00:09]} 32. Nd5 {[%emt 0:01:07]} Kh8 {[%emt 0:00:07]} 33. b3 {
[%emt 0:01:06]} Bb7 {[%emt 0:01:10]} 34. Qf7 {[%emt 0:01:27]} Rg6 {[%emt 0:03:
29]} 35. Ne7 {[%emt 0:00:32]} Rxg3+ {[%emt 0:00:17]} 36. Kh2 {[%emt 0:00:06]}
Rg2+ {[%emt 0:00:40]} 37. Kh3 {[%emt 0:00:06]} Bf6 {[%emt 0:01:21]} 38. Rxf6 {
[%emt 0:00:07]} Nxf6 {[%emt 0:00:14]} 39. Qxf6+ {[%emt 0:00:22]} Kh7 {[%emt 0:
00:13]} 40. Qxf8 {[%emt 0:00:47]} Bc8+ {[%emt 0:00:21]} 1-0

[Event "EICC 2021"]
[Site "Reykjavik"]
[Date "2021.08.29"]
[Round "4.30"]
[White "Juksta, Karolis"]
[Black "Can, Emre"]
[Result "1-0"]
[WhiteElo "2438"]
[BlackElo "2569"]
[Annotator "ChessBase"]
[PlyCount "99"]
[EventDate "2021.08.26"]
[EventType "swiss"]
[EventCountry "ISL"]
[Tiebreak "Cut1 Buchholz"]
[SourceTitle "playchess.com"]
[Source "ChessBase"]
[SourceQuality "1"]
[TimeControl "40/5400+30:1800+30"]

1. d4 {[%emt 0:00:02]} Nf6 {[%emt 0:00:32]} 2. c4 {[%emt 0:00:08]} e6 {[%emt 0:
00:23]} 3. Nc3 {[%emt 0:00:06]} Bb4 {[%emt 0:00:33]} 4. g3 {[%emt 0:00:12]} O-O
{[%emt 0:02:26]} 5. Bg2 {[%emt 0:00:35]} d5 {[%emt 0:02:38]} 6. Nf3 {[%emt 0:
00:24]} dxc4 {[%emt 0:01:25]} 7. O-O {[%emt 0:00:17]} Nc6 {[%emt 0:01:02]} 8.
Qa4 {[%emt 0:00:24]} Bd7 {[%emt 0:07:45]} 9. Bg5 {[%emt 0:01:09]} a5 {[%emt 0:
17:30]} 10. Bxf6 {[%emt 0:01:38]} Qxf6 {[%emt 0:00:53]} 11. a3 {[%emt 0:01:40]}
Nb8 {[%emt 0:08:00]} 12. Nb5 {[%emt 0:33:38]} Bd6 {[%emt 0:01:16]} 13. Qxc4 {
[%emt 0:00:19]} Bc6 {[%emt 0:00:18]} 14. Nxd6 {[%emt 0:09:09]} cxd6 {[%emt 0:
00:12]} 15. Rac1 {[%emt 0:00:57]} Nd7 {[%emt 0:03:08]} 16. Qd3 {[%emt 0:10:10]}
Rfc8 {[%emt 0:05:55]} 17. Nd2 {[%emt 0:07:10]} d5 {[%emt 0:02:29]} 18. Rc3 {
[%emt 0:03:45]} Qd8 {[%emt 0:07:19]} 19. Rfc1 {[%emt 0:00:35]} Nf6 {[%emt 0:02:
16]} 20. e3 {[%emt 0:04:07]} Ne8 {[%emt 0:02:52]} 21. Bf1 {[%emt 0:05:59]} Nd6
{[%emt 0:01:11]} 22. Qb1 {[%emt 0:02:11]} Qe8 {[%emt 0:09:30]} 23. Bd3 {
[%emt 0:01:44]} g6 {[%emt 0:01:06]} 24. h4 {[%emt 0:01:37]} Kg7 {[%emt 0:00:57]
} 25. Qc2 {[%emt 0:03:36]} Ba4 {[%emt 0:04:24]} 26. b3 {[%emt 0:03:53]} Rxc3 {
[%emt 0:00:32]} 27. Qxc3 {[%emt 0:00:06]} Rc8 {[%emt 0:01:21]} 28. Qb2 {
[%emt 0:00:08]} Bb5 {[%emt 0:00:40]} 29. Bb1 {[%emt 0:03:23]} a4 {[%emt 0:04:
10]} 30. bxa4 {[%emt 0:00:32]} Bxa4 {[%emt 0:01:23]} 31. Rc5 {[%emt 0:00:54]}
Bb5 {[%emt 0:01:14]} 32. Qc3 {[%emt 0:02:35]} Ra8 {[%emt 0:01:46]} 33. Qb2 {
[%emt 0:02:00]} Ra6 {[%emt 0:05:01]} 34. Rc3 {[%emt 0:01:35]} Bc4 {[%emt 0:01:
19]} 35. e4 {[%emt 0:00:48]} Qc6 {[%emt 0:02:49]} 36. Ba2 {[%emt 0:00:29]} b5 {
[%emt 0:00:24]} 37. Bb1 {[%emt 0:00:20]} Qb6 {[%emt 0:00:31]} 38. e5 {[%emt 0:
00:21]} Nc8 {[%emt 0:00:48]} 39. Rf3 {[%emt 0:00:15]} Ne7 {[%emt 0:00:48]} 40.
h5 {[%emt 0:00:37]} Nc6 {[%emt 0:00:54]} 41. Rf4 {[%emt 0:12:04]} Qa5 {[%emt 0:
04:53]} 42. h6+ {[%emt 0:10:55]} Kg8 {[%emt 0:08:16]} 43. Nxc4 {[%emt 0:02:16]}
dxc4 {[%emt 0:01:25]} 44. d5 {[%emt 0:00:19]} Nd8 {[%emt 0:04:30]} 45. d6 {
[%emt 0:01:11]} Rc6 {[%emt 0:02:09]} 46. Rf3 {[%emt 0:02:26]} f5 {[%emt 0:01:
45]} 47. g4 {[%emt 0:02:54]} Rc5 {[%emt 0:02:16]} 48. gxf5 {[%emt 0:01:19]}
Qe1+ {[%emt 0:01:58]} 49. Kg2 {[%emt 0:00:11]} Rxe5 {[%emt 0:03:15]} 50. Re3 {
[%emt 0:00:56]} 1-0

[Event "EICC 2021"]
[Site "Reykjavik"]
[Date "2021.08.29"]
[Round "4.31"]
[White "Paichadze, Luka"]
[Black "Sokolovsky, Yahli"]
[Result "1-0"]
[WhiteElo "2564"]
[BlackElo "2415"]
[Annotator "ChessBase"]
[PlyCount "59"]
[EventDate "2021.08.26"]
[EventType "swiss"]
[EventCountry "ISL"]
[Tiebreak "Cut1 Buchholz"]
[SourceTitle "playchess.com"]
[Source "ChessBase"]
[SourceQuality "1"]
[TimeControl "40/5400+30:1800+30"]

1. e4 {[%emt 0:00:05]} c5 {[%emt 0:00:12]} 2. Nc3 {[%emt 0:01:19]} d6 {[%emt 0:
00:52]} 3. d4 {[%emt 0:01:12]} cxd4 {[%emt 0:00:10]} 4. Qxd4 {[%emt 0:00:05]}
Nc6 {[%emt 0:07:14]} 5. Qd2 {[%emt 0:00:06]} g6 {[%emt 0:01:53]} 6. b3 {
[%emt 0:00:43]} Bh6 {[%emt 0:16:15]} 7. f4 {[%emt 0:00:31]} Nf6 {[%emt 0:02:16]
} 8. g3 {[%emt 0:03:52]} e5 {[%emt 0:06:27]} 9. Nge2 {[%emt 0:01:59]} Bg4 {
[%emt 0:03:18]} 10. Bg2 {[%emt 0:04:20]} O-O {[%emt 0:04:55]} 11. Bb2 {[%emt 0:
02:45]} Qa5 {[%emt 0:03:50]} 12. O-O-O {[%emt 0:13:42]} Rac8 {[%emt 0:05:48]}
13. Kb1 {[%emt 0:06:44]} Rfd8 {[%emt 0:17:54]} 14. Rhf1 {[%emt 0:05:58]} Bxe2 {
[%emt 0:09:10]} 15. Qxe2 {[%emt 0:06:47]} Nd4 {[%emt 0:00:22]} 16. Qe1 {
[%emt 0:00:55]} Bg7 {[%emt 0:00:36]} 17. Bh3 {[%emt 0:06:26]} Rc6 {[%emt 0:00:
33]} 18. Rf2 {[%emt 0:01:12]} Qc7 {[%emt 0:01:16]} 19. g4 {[%emt 0:08:51]} b5 {
[%emt 0:10:55]} 20. Rxd4 {[%emt 0:04:27]} Rxc3 {[%emt 0:04:12]} 21. fxe5 {
[%emt 0:01:13]} Nxe4 {[%emt 0:01:20]} 22. Rxe4 {[%emt 0:07:18]} Rxh3 {[%emt 0:
00:07]} 23. e6 {[%emt 0:00:03]} fxe6 {[%emt 0:01:11]} 24. Rxe6 {[%emt 0:00:13]}
Be5 {[%emt 0:00:59]} 25. Bxe5 {[%emt 0:00:52]} dxe5 {[%emt 0:00:01]} 26. Rxe5 {
[%emt 0:00:12]} Qd7 {[%emt 0:00:19]} 27. Kc1 {[%emt 0:05:40]} h5 {[%emt 0:01:
21]} 28. g5 {[%emt 0:02:53]} b4 {[%emt 0:00:33]} 29. Re7 {[%emt 0:00:53]} Qc6 {
[%emt 0:00:28]} 30. Rf6 {[%emt 0:01:45]} 1-0

[Event "EICC 2021"]
[Site "Reykjavik"]
[Date "2021.08.29"]
[Round "4.32"]
[White "Koellner, Ruben Gideon"]
[Black "Dragnev, Valentin"]
[Result "0-1"]
[WhiteElo "2418"]
[BlackElo "2557"]
[Annotator "ChessBase"]
[PlyCount "152"]
[EventDate "2021.08.26"]
[EventType "swiss"]
[EventCountry "ISL"]
[Tiebreak "Cut1 Buchholz"]
[SourceTitle "playchess.com"]
[Source "ChessBase"]
[SourceQuality "1"]
[TimeControl "40/5400+30:1800+30"]

1. d4 {[%emt 0:00:04]} Nf6 {[%emt 0:00:25]} 2. Nf3 {[%emt 0:00:14]} g6 {
[%emt 0:00:14]} 3. Nbd2 {[%emt 0:00:04]} d5 {[%emt 0:00:16]} 4. e3 {[%emt 0:00:
04]} Bg7 {[%emt 0:00:10]} 5. b4 {[%emt 0:00:05]} a5 {[%emt 0:00:13]} 6. b5 {
[%emt 0:00:04]} c5 {[%emt 0:00:07]} 7. bxc6 {[%emt 0:00:03]} Nxc6 {[%emt 0:00:
08]} 8. a4 {[%emt 0:00:08]} O-O {[%emt 0:01:14]} 9. Be2 {[%emt 0:00:23]} Bf5 {
[%emt 0:00:17]} 10. c3 {[%emt 0:00:08]} Qc7 {[%emt 0:00:12]} 11. Ba3 {[%emt 0:
00:20]} Rfc8 {[%emt 0:00:20]} 12. Qb3 {[%emt 0:00:19]} e5 {[%emt 0:02:20]} 13.
h3 {[%emt 0:06:00]} exd4 {[%emt 0:14:40]} 14. cxd4 {[%emt 0:01:03]} Bf8 {
[%emt 0:02:16]} 15. Bxf8 {[%emt 0:01:12]} Kxf8 {[%emt 0:00:39]} 16. Rc1 {
[%emt 0:00:46]} Qd8 {[%emt 0:02:27]} 17. O-O {[%emt 0:02:05]} Nb4 {[%emt 0:02:
57]} 18. Ne5 {[%emt 0:01:04]} Bc2 {[%emt 0:17:09]} 19. Qa3 {[%emt 0:00:45]} Qe7
{[%emt 0:00:53]} 20. Bd1 {[%emt 0:02:19]} Bf5 {[%emt 0:04:00]} 21. Be2 {
[%emt 0:00:39]} Nd7 {[%emt 0:05:45]} 22. Nxd7+ {[%emt 0:04:45]} Bxd7 {[%emt 0:
02:13]} 23. Nb1 {[%emt 0:00:13]} Qe8 {[%emt 0:17:25]} 24. Nc3 {[%emt 0:01:39]}
Kg7 {[%emt 0:00:05]} 25. Nb5 {[%emt 0:05:46]} Bxb5 {[%emt 0:02:38]} 26. Bxb5 {
[%emt 0:00:09]} Qd8 {[%emt 0:00:07]} 27. Qb2 {[%emt 0:00:31]} h5 {[%emt 0:01:
48]} 28. Rfd1 {[%emt 0:00:40]} h4 {[%emt 0:02:33]} 29. Qe2 {[%emt 0:03:23]}
Rxc1 {[%emt 0:01:30]} 30. Rxc1 {[%emt 0:00:09]} Rc8 {[%emt 0:00:08]} 31. Rxc8 {
[%emt 0:01:24]} Qxc8 {[%emt 0:00:02]} 32. Qf3 {[%emt 0:00:21]} Qc1+ {[%emt 0:
02:29]} 33. Kh2 {[%emt 0:00:10]} Qc7+ {[%emt 0:00:07]} 34. Kg1 {[%emt 0:00:19]}
Qc1+ {[%emt 0:02:27]} 35. Kh2 {[%emt 0:00:10]} Qc7+ {[%emt 0:00:05]} 36. Kg1 {
[%emt 0:00:34]} f5 {[%emt 0:00:56]} 37. Qe2 {[%emt 0:05:03]} Qc1+ {[%emt 0:02:
39]} 38. Kh2 {[%emt 0:01:54]} Qc7+ {[%emt 0:00:03]} 39. Kg1 {[%emt 0:00:17]}
Qc1+ {[%emt 0:00:12]} 40. Kh2 {[%emt 0:00:00]} Kf6 {[%emt 0:00:09]} 41. Qf3 {
[%emt 0:32:14]} Qc7+ {[%emt 0:33:19]} 42. Kg1 {[%emt 0:00:06]} Qc1+ {[%emt 0:
02:38]} 43. Kh2 {[%emt 0:00:07]} Qc7+ {[%emt 0:00:08]} 44. Kg1 {[%emt 0:00:04]}
Ke7 {[%emt 0:00:12]} 45. Kh1 {[%emt 0:00:34]} Qc1+ {[%emt 0:05:18]} 46. Kh2 {
[%emt 0:00:08]} Qc7+ {[%emt 0:00:06]} 47. Kh1 {[%emt 0:00:34]} Kd8 {[%emt 0:00:
26]} 48. Kg1 {[%emt 0:00:25]} Qd6 {[%emt 0:01:21]} 49. Qe2 {[%emt 0:07:26]} Kc7
{[%emt 0:01:50]} 50. Qf3 {[%emt 0:00:15]} Kc8 {[%emt 0:03:16]} 51. Be8 {
[%emt 0:02:38]} Kd8 {[%emt 0:00:33]} 52. Bb5 {[%emt 0:00:11]} Na2 {[%emt 0:01:
10]} 53. Bf1 {[%emt 0:14:44]} Nc3 {[%emt 0:01:24]} 54. e4 {[%emt 0:00:12]} Nxe4
{[%emt 0:00:23]} 55. Qe3 {[%emt 0:00:25]} Kc7 {[%emt 0:00:00]} 56. Bb5 {
[%emt 0:00:00]} Kb8 {[%emt 0:00:00]} 57. f3 {[%emt 0:00:00]} Ng3 {[%emt 0:00:
00]} 58. Qg5 {[%emt 0:00:00]} Qb4 {[%emt 0:00:00]} 59. Qf4+ {[%emt 0:00:00]}
Ka7 {[%emt 0:00:00]} 60. Kf2 {[%emt 0:00:00]} Qb2+ {[%emt 0:00:00]} 61. Ke1 {
[%emt 0:00:00]} Qxg2 {[%emt 0:00:00]} 62. Kd1 {[%emt 0:00:00]} Qf2 {[%emt 0:00:
00]} 63. Qd2 {[%emt 0:00:00]} Qxd2+ {[%emt 0:00:00]} 64. Kxd2 {[%emt 0:00:00]}
Nh5 {[%emt 0:00:00]} 65. Ke3 {[%emt 0:00:00]} f4+ {[%emt 0:00:00]} 66. Kd3 {
[%emt 0:00:00]} Nf6 {[%emt 0:00:00]} 67. Ke2 {[%emt 0:00:00]} Kb6 {[%emt 0:00:
00]} 68. Kd2 {[%emt 0:00:00]} Kc7 {[%emt 0:00:00]} 69. Kc3 {[%emt 0:00:00]} Nh7
{[%emt 0:00:00]} 70. Bf1 {[%emt 0:00:00]} Ng5 {[%emt 0:00:00]} 71. Bg2 {
[%emt 0:00:00]} Kc6 {[%emt 0:00:00]} 72. Kb3 {[%emt 0:00:00]} b6 {[%emt 0:00:
27]} 73. Kc3 {[%emt 0:00:00]} b5 {[%emt 0:00:17]} 74. axb5+ {[%emt 0:00:00]}
Kxb5 {[%emt 0:00:06]} 75. Bf1+ {[%emt 0:00:00]} Kc6 {[%emt 0:02:03]} 76. Bg2 {
[%emt 0:00:00]} a4 {[%emt 0:00:36]} 0-1

[Event "EICC 2021"]
[Site "Reykjavik"]
[Date "2021.08.29"]
[Round "4.33"]
[White "Mazur, Stefan"]
[Black "Sanal, Vahap"]
[Result "1/2-1/2"]
[WhiteElo "2416"]
[BlackElo "2557"]
[Annotator "ChessBase"]
[PlyCount "92"]
[EventDate "2021.08.26"]
[EventType "swiss"]
[EventCountry "ISL"]
[Tiebreak "Cut1 Buchholz"]
[SourceTitle "playchess.com"]
[Source "ChessBase"]
[SourceQuality "1"]
[TimeControl "40/5400+30:1800+30"]

1. e4 {[%emt 0:02:31]} e5 {[%emt 0:00:11]} 2. Nf3 {[%emt 0:00:14]} Nc6 {
[%emt 0:00:08]} 3. Bb5 {[%emt 0:01:17]} a6 {[%emt 0:00:09]} 4. Ba4 {[%emt 0:00:
04]} Nf6 {[%emt 0:00:08]} 5. O-O {[%emt 0:00:36]} Be7 {[%emt 0:00:08]} 6. d3 {
[%emt 0:02:08]} b5 {[%emt 0:01:12]} 7. Bb3 {[%emt 0:00:05]} d6 {[%emt 0:00:09]}
8. Bd2 {[%emt 0:00:31]} O-O {[%emt 0:02:07]} 9. h3 {[%emt 0:00:21]} a5 {
[%emt 0:04:57]} 10. Nc3 {[%emt 0:03:47]} a4 {[%emt 0:02:51]} 11. Bd5 {[%emt 0:
00:12]} Nxd5 {[%emt 0:01:01]} 12. exd5 {[%emt 0:01:13]} Na7 {[%emt 0:00:22]}
13. d4 {[%emt 0:07:24]} f6 {[%emt 0:07:32]} 14. Qe2 {[%emt 0:14:26]} Qe8 {
[%emt 0:09:53]} 15. Rfe1 {[%emt 0:04:08]} Bb7 {[%emt 0:14:11]} 16. a3 {[%emt 0:
17:32]} Qf7 {[%emt 0:03:09]} 17. dxe5 {[%emt 0:16:02]} fxe5 {[%emt 0:00:26]}
18. Bg5 {[%emt 0:03:19]} Bf6 {[%emt 0:04:27]} 19. Rad1 {[%emt 0:03:23]} h6 {
[%emt 0:05:51]} 20. Bxf6 {[%emt 0:02:06]} gxf6 {[%emt 0:01:12]} 21. Nh2 {
[%emt 0:00:59]} Qg6 {[%emt 0:07:20]} 22. Rd3 {[%emt 0:01:22]} Kh8 {[%emt 0:00:
52]} 23. Rg3 {[%emt 0:02:05]} Qf5 {[%emt 0:03:55]} 24. Ng4 {[%emt 0:02:49]} Qh7
{[%emt 0:04:14]} 25. Ne4 {[%emt 0:04:06]} f5 {[%emt 0:00:20]} 26. Nxe5 {
[%emt 0:02:48]} dxe5 {[%emt 0:01:43]} 27. Nc5 {[%emt 0:01:50]} Rae8 {[%emt 0:
04:57]} 28. Nxb7 {[%emt 0:03:09]} f4 {[%emt 0:01:17]} 29. Rg4 {[%emt 0:00:34]}
Rf5 {[%emt 0:01:12]} 30. Nc5 {[%emt 0:00:44]} h5 {[%emt 0:00:34]} 31. Rh4 {
[%emt 0:00:11]} Rg8 {[%emt 0:05:12]} 32. Qf3 {[%emt 0:01:05]} Qg6 {[%emt 0:02:
11]} 33. Ne4 {[%emt 0:02:20]} Nc8 {[%emt 0:00:22]} 34. Kh2 {[%emt 0:01:25]} Nd6
{[%emt 0:00:15]} 35. g4 {[%emt 0:00:30]} fxg3+ {[%emt 0:00:35]} 36. Qxg3 {
[%emt 0:00:06]} Qh7 {[%emt 0:03:56]} 37. Qe3 {[%emt 0:00:30]} Nxe4 {[%emt 0:00:
53]} 38. Qxe4 {[%emt 0:00:19]} Qg6 {[%emt 0:01:49]} 39. c3 {[%emt 0:01:15]} Qg5
{[%emt 0:02:53]} 40. Qg4 {[%emt 0:00:27]} Rxf2+ {[%emt 0:02:01]} 41. Kh1 {
[%emt 0:01:10]} Qxg4 {[%emt 0:06:51]} 42. hxg4 {[%emt 0:00:09]} Rxg4 {[%emt 0:
00:33]} 43. Rxh5+ {[%emt 0:02:52]} Kg7 {[%emt 0:01:10]} 44. Rhxe5 {[%emt 0:00:
38]} Rxb2 {[%emt 0:01:14]} 45. Re7+ {[%emt 0:00:25]} Kg6 {[%emt 0:00:46]} 46.
Rxc7 {[%emt 0:00:55]} Rh4+ {[%emt 0:01:04]} 1/2-1/2

[Event "EICC 2021"]
[Site "Reykjavik"]
[Date "2021.08.29"]
[Round "4.34"]
[White "Subelj, Jan"]
[Black "Kulaots, Kaido"]
[Result "1/2-1/2"]
[WhiteElo "2412"]
[BlackElo "2548"]
[PlyCount "183"]
[EventDate "2021.08.26"]
[EventType "swiss"]
[EventCountry "ISL"]
[Tiebreak "Cut1 Buchholz"]
[SourceTitle "playchess.com"]
[Source "ChessBase"]
[SourceQuality "1"]

1. e4 c5 2. Nf3 d6 3. Bb5+ Nd7 4. O-O Ngf6 5. Re1 a6 6. Bd3 b5 7. c4 Rb8 8. Nc3
b4 9. Nd5 Ng4 10. Bc2 Nge5 11. Ba4 e6 12. d4 Nxf3+ 13. Qxf3 cxd4 14. Qg4 Qa5
15. Qg5 Qd8 16. Qg4 Qa5 17. Bg5 h6 18. Qf5 Qc5 19. Bh4 g5 20. Bxg5 hxg5 21.
Qxg5 Rh6 22. e5 Rg6 23. Qh4 dxe5 24. Rxe5 Qxc4 25. Rae1 Rb5 26. Bxb5 axb5 27.
Rh5 Bb7 28. b3 Qc6 29. Qxd4 Kd8 30. Qh4+ f6 31. Qe4 Rg5 32. Nxf6 Rxg2+ 33. Kf1
Nxf6 34. Qxc6 Bxc6 35. Rh8 Ke7 36. Rxf8 Kxf8 37. Rxe6 Ng4 38. Rxc6 Rxf2+ 39.
Ke1 Rxa2 40. Re6 Rb2 41. Re4 Nxh2 42. Rxb4 Nf3+ 43. Kd1 Nd2 44. Rxb5 Nxb3 45.
Rb7 Ke8 46. Rh7 Nd4 47. Kc1 Rf2 48. Kd1 Nf5 49. Ra7 Ne7 50. Rc7 Kf7 51. Rc2 Rf5
52. Ke1 Ke6 53. Re2+ Kd6 54. Rf2 Rh5 55. Kd2 Nd5 56. Rf8 Kc5 57. Rc8+ Kd4 58.
Rd8 Rh2+ 59. Kd1 Ke4 60. Kc1 Nb4 61. Re8+ Kd3 62. Rd8+ Kc3 63. Rc8+ Kb3 64. Kd1
Nc2 65. Rc7 Ne3+ 66. Ke1 Nc4 67. Rc8 Kc3 68. Rc7 Rc2 69. Rc8 Kd4 70. Rd8+ Ke4
71. Re8+ Ne5 72. Kd1 Ra2 73. Ke1 Kd4 74. Kf1 Nf3 75. Re4+ Kd5 76. Re2 Ra8 77.
Re3 Nd2+ 78. Kg2 Ne4 79. Rf3 Ra2+ 80. Kg1 Kd4 81. Rf8 Ke3 82. Re8 Ra6 83. Rg8
Nf6 84. Rg3+ Kf4 85. Rb3 Ng4 86. Kf1 Re6 87. Ra3 Ne3+ 88. Kf2 Re4 89. Rb3 Ng4+
90. Kf1 Ne3+ 91. Kf2 Ng4+ 92. Kf1 1/2-1/2